| 000 | 00830cam a22002533a 4500 | ||
|---|---|---|---|
| 001 | 1988 | ||
| 003 | PGUSA | ||
| 005 | 20140828083009.0 | ||
| 008 | 991201s1999||||xxu|||||s|||||000 | eng d | ||
| 040 |
_aPGUSA _beng |
||
| 042 | _adc | ||
| 050 | 4 | _aPZ | |
| 245 | 1 | 4 |
_aThe History of Tom Thumb : _bTo Which Are Added the Stories of the Cat and the Mouse and Fire! Fire! Burn Stick! _h[electronic resource] |
| 260 |
_bProject Gutenberg, _c1999 |
||
| 505 | 0 | _aThe History of Tom Thumb -- The Stories of the Cat and the Mouse -- Fire! Fire! Burn Stick! | |
| 506 | _aPublic domain in the USA. | ||
| 516 | _aElectronic text | ||
| 653 | _aFairy tales -- England | ||
| 653 | _aChildren's stories | ||
| 700 | 1 | _aAltemus, Henry | |
| 830 | 0 |
_aProject Gutenberg _v1988 |
|
| 856 | 4 | 0 | _uhttp://www.gutenberg.org/ebooks/1988 |
| 942 | _cEB | ||
| 999 |
_c231328 _d231328 |
||